Pintu masuk ke Jepun : penduduk dan masyarakatnya

Bibliographic Details
Main Author: Itasaka, Gen
Format: Book
Published: Kuala Lumpur : Dewan Bahasa Dan Pustaka , 1995
Subjects:

MARC

LEADER 00000cam a2200000 7i4500
001 0000009499
002 000010351
005 20080124.0
020 |a 9836245804 
090 0 0 |a 952.048   |b ITA 
100 1 |a Itasaka, Gen 
245 1 0 |a Pintu masuk ke Jepun :   |b penduduk dan masyarakatnya   |c Gen Itasaka 
260 |a Kuala Lumpur :   |b Dewan Bahasa Dan Pustaka ,   |c 1995 
300 |a 210p. :   |b ill ;   |c 21cm. 
650 0 0 |a Japan   |x Politics and government   |y 1945- 
651 0 |a Japan   |x Economic conditions   |y 1989- 
651 0 |a Japan   |x Industries   |y 1945 
651 0 |a Japan   |x Social life and customs 
999 |a 051306   |b BUKU   |c PINJAMAN   |e PERPUSTAKAAN KOMUNITI PETALING JAYA 
999 |a 051307   |b BUKU   |c PINJAMAN   |e PERPUSTAKAAN KOMUNITI PETALING JAYA